[Event "SD-2012-0-00143"]
[Site "LSS email"]
[Date "2012.08.24"]
[Round "?"]
[White "Aquilina, Joe"]
[Black "Taroma Corpus, Roger"]
[Result "0-1"]
[WhiteElo "1541"]
[BlackElo "1758"]
[PlyCount "50"]
[EventDate "2012.07.11"]
[EventType "tourn (corr)"]
[EventRounds "6"]
[EventCountry "GER"]
[SourceTitle "Telechess CBM 161"]
[Source "ChessBase"]
[SourceDate "2014.07.16"]
[SourceVersion "1"]
[SourceVersionDate "2014.07.16"]
[SourceQuality "1"]

1. e4 e5 2. Nf3 Nc6 3. Bb5 Bc5 4. 0-0 Nd4 5. Nxd4 Bxd4 6. c3 Bb6 7. d4 c6 8. Bc4 d6 9. Be3 Nf6 10. Nd2 Ng4 11. Nf3 Nxe3 12. fxe3 0-0 13. Qe1 Be6 14. d5 Bg4 15. Rd1 Qe7 16. h3 Bh5 17. Rd2 Bg6 18. Bd3 cxd5 19. Nh4 Qg5 20. Rd1 dxe4 21. Nxg6 Qxg6 22. Bc2 f5 23. Kh1 Rf6 24. Rd2 Kh8 25. Qe2 Qh6 0-1

[Event "SD-2012-0-00136"]
[Site "LSS email"]
[Date "2012.05.28"]
[Round "?"]
[White "Martins, Karin"]
[Black "Aquilina, Joe"]
[Result "1/2-1/2"]
[WhiteElo "1568"]
[BlackElo "1545"]
[PlyCount "52"]
[EventDate "2012.04.07"]
[EventType "tourn (corr)"]
[EventRounds "6"]
[EventCountry "GER"]
[SourceTitle "Telechess CBM 159"]
[Source "ChessBase"]
[SourceDate "2014.03.17"]
[SourceVersion "1"]
[SourceVersionDate "2014.03.17"]
[SourceQuality "1"]

1. e4 c5 2. Nf3 Nc6 3. d4 cxd4 4. Nxd4 Nf6 5. Nc3 d6 6. Bg5 e6 7. Qd2 Be7 8. 0-0-0 0-0 9. f4 h6 10. Bh4 Nxd4 11. Qxd4 Qa5 12. Bc4 e5 13. fxe5 dxe5 14. Qd3 Bg4 15. Bxf6 Bxf6 16. Rdf1 Rac8 17. Rxf6 gxf6 18. Nd5 Qc5 19. Bb3 Qf2 20. Ne7+ Kg7 21. Nxc8 Qxg2 22. Qf1 Qxf1+ 23. Rxf1 Bxc8 24. Rg1+ Kh7 25. Rf1 Kg6 26. Rg1+ Kh7 1/2-1/2

[Event "SD-2012-0-00136"]
[Site "LSS email"]
[Date "2012.05.28"]
[Round "?"]
[White "Schalkwijk, Peter H"]
[Black "Aquilina, Joe"]
[Result "0-1"]
[WhiteElo "1354"]
[BlackElo "1545"]
[PlyCount "32"]
[EventDate "2012.04.07"]
[EventType "tourn (corr)"]
[EventRounds "6"]
[EventCountry "GER"]
[SourceTitle "Corr 2015"]
[Source "ChessBase"]
[SourceDate "2015.07.17"]
[SourceVersion "1"]
[SourceVersionDate "2015.07.17"]
[SourceQuality "1"]

1. d4 Nf6 2. Nc3 d5 3. Bg5 e6 4. e4 dxe4 5. Nxe4 Nbd7 6. Bc4 Be7 7. Bxf6 Nxf6 8. Nxf6+ Bxf6 9. c3 0-0 10. Nh3 Qd6 11. Qh5 Qc6 12. Bd3 g6 13. Qh6 Bg7 14. Qe3 e5 15. dxe5 Qxg2 16. 0-0-0 Qxh3 0-1

[Event "OP-2012-0-02049"]
[Site "LSS email"]
[Date "2012.02.05"]
[Round "?"]
[White "Aquilina, Joe"]
[Black "Ustimenko, Aleksandr"]
[Result "0-1"]
[WhiteElo "1577"]
[BlackElo "1627"]
[PlyCount "96"]
[EventDate "2012.02.02"]
[EventType "tourn (corr)"]
[EventRounds "4"]
[EventCountry "GER"]
[SourceTitle "Telechess CBM 153"]
[Source "ChessBase"]
[SourceDate "2013.03.14"]
[SourceVersion "1"]
[SourceVersionDate "2013.03.14"]
[SourceQuality "1"]

1. e4 e5 2. Nf3 Nf6 3. Nxe5 Qe7 4. d4 Nc6 5. Nc3 Nxe5 6. dxe5 Qxe5 7. Qd3 Bb4 8. Bd2 0-0 9. 0-0-0 d6 10. f3 Re8 11. g4 c6 12. h4 Qe7 13. Kb1 Nd7 14. h5 Ne5 15. Qe2 b5 16. g5 a5 17. Qg2 Bc5 18. g6 h6 19. f4 Ng4 20. e5 Nf2 21. exd6 Qxd6 22. Bxb5 cxb5 23. Qxa8 Bd7 24. Qg2 Qc6 25. Nd5 fxg6 26. Bxa5 Kf8 27. hxg6 Bf5 28. Rhe1 Nxd1 29. Rxd1 Re6 30. Qh1 Re2 31. Qh5 Bxc2+ 32. Ka1 Rg2 33. Ne3 Bxg6 34. Qe5 Bxe3 35. Qxe3 Kg8 36. Bc3 h5 37. Qe5 Bf7 38. Qf5 Qg6 39. Qxb5 h4 40. Qd7 Qh5 41. Qd8+ Kh7 42. Rh1 h3 43. Qd3+ Kh8 44. Qd8+ Bg8 45. Qd7 h2 46. b3 Rg1+ 47. Kb2 Bf7 48. Qd8+ Kh7 0-1

[Event "OP-2012-0-02049"]
[Site "LSS email"]
[Date "2012.02.05"]
[Round "?"]
[White "Tutov, Nikolay"]
[Black "Aquilina, Joe"]
[Result "0-1"]
[WhiteElo "1463"]
[BlackElo "1577"]
[PlyCount "60"]
[EventDate "2012.02.02"]
[EventType "tourn (corr)"]
[EventRounds "4"]
[EventCountry "GER"]
[SourceTitle "Telechess CBM 153"]
[Source "ChessBase"]
[SourceDate "2013.03.14"]
[SourceVersion "1"]
[SourceVersionDate "2013.03.14"]
[SourceQuality "1"]

1. e3 d5 2. Nf3 Nf6 3. c4 c6 4. Nc3 e6 5. d4 Bd6 6. Bd3 Nbd7 7. e4 dxe4 8. Nxe4 Nxe4 9. Bxe4 0-0 10. 0-0 Qc7 11. c5 Be7 12. Qc2 Nf6 13. Bd3 b6 14. b4 Bb7 15. Bd2 Rad8 16. a4 Rd5 17. a5 b5 18. a6 Bc8 19. g3 Qb8 20. Rfe1 h6 21. Bf4 Qa8 22. Qd2 Re8 23. Bc2 Red8 24. Qd3 g6 25. Bxh6 Rh5 26. Bg5 Nd5 27. Bxe7 Nxe7 28. Ne5 Bd7 29. h4 Be8 30. Bd1 Rh8 0-1

[Event "OP-2012-0-02030"]
[Site "LSS email"]
[Date "2012.01.28"]
[Round "?"]
[White "Aquilina, Joe"]
[Black "Kovacs, Arthur"]
[Result "0-1"]
[WhiteElo "1573"]
[BlackElo "2470"]
[PlyCount "112"]
[EventDate "2012.01.25"]
[EventType "tourn (corr)"]
[EventRounds "4"]
[EventCountry "GER"]
[SourceTitle "Telechess CBM 153"]
[Source "ChessBase"]
[SourceDate "2013.03.14"]
[SourceVersion "1"]
[SourceVersionDate "2013.03.14"]
[SourceQuality "1"]

1. e4 e5 2. Nf3 Nc6 3. Bb5 a6 4. Ba4 Nf6 5. 0-0 Be7 6. Re1 b5 7. Bb3 d6 8. c3 0-0 9. h3 Nb8 10. d4 Nbd7 11. Nbd2 Bb7 12. Bc2 Re8 13. Nf1 Bf8 14. Ng3 g6 15. a4 c5 16. d5 c4 17. Be3 Nc5 18. Qd2 Qc7 19. Ra3 Nfd7 20. Rea1 Rec8 21. Nh2 h5 22. axb5 axb5 23. Qe2 Rxa3 24. Rxa3 Ra8 25. Rxa8 Bxa8 26. Nf3 Qa7 27. Qd1 Qa2 28. Qc1 Be7 29. Ne1 Qa5 30. Bg5 Bd8 31. Nf3 Bb7 32. Bxd8 Qxd8 33. Qe3 Kg7 34. Nf1 Bc8 35. Kh2 Qe7 36. N1d2 Nb6 37. b3 cxb3 38. Nxb3 Nc4 39. Qe1 Na4 40. Nc1 Qa7 41. Na2 Nc5 42. Nb4 Qa3 43. Ng1 Qb2 44. Ne2 Na3 45. Bd3 h4 46. f4 Nxd3 47. Nxd3 Qc2 48. Nec1 exf4 49. Qxh4 Nc4 50. Qxf4 Qxc3 51. Qg3 Qd4 52. Qf4 f6 53. h4 Bd7 54. Nf2 b4 55. Ne2 Qb2 56. Ng3 Ne5 0-1

[Event "OP-2012-0-02030"]
[Site "LSS email"]
[Date "2012.01.28"]
[Round "?"]
[White "Aquilina, Joe"]
[Black "Milde, Lars"]
[Result "0-1"]
[WhiteElo "1573"]
[BlackElo "1872"]
[PlyCount "132"]
[EventDate "2012.01.25"]
[EventType "tourn (corr)"]
[EventRounds "4"]
[EventCountry "GER"]
[SourceTitle "Telechess CBM 153"]
[Source "ChessBase"]
[SourceDate "2013.03.14"]
[SourceVersion "1"]
[SourceVersionDate "2013.03.14"]
[SourceQuality "1"]

1. e4 e5 2. Nf3 Nc6 3. Bb5 a6 4. Ba4 Nf6 5. 0-0 Be7 6. Re1 b5 7. Bb3 d6 8. c3 0-0 9. h3 Na5 10. Bc2 c5 11. d4 Qc7 12. Nbd2 cxd4 13. cxd4 Re8 14. Nf1 Bb7 15. d5 Rac8 16. Re2 Nh5 17. Bd3 Qd7 18. b3 Bd8 19. Ne3 g6 20. Ng4 Bb6 21. Bg5 Bd8 22. Qd2 Qc7 23. Be3 Qc3 24. Qd1 Nf4 25. Bxf4 exf4 26. Rc2 Qg7 27. Rxc8 Bxc8 28. Rc1 Bd7 29. Ngh2 Nb7 30. b4 a5 31. Qf1 Qb2 32. Re1 Re7 33. Bxb5 Qxb4 34. Bxd7 Rxd7 35. Qe2 Kg7 36. Nf1 Nc5 37. N1d2 Re7 38. Qd1 Qc3 39. Qb1 Rb7 40. Qa1 Qxa1 41. Rxa1 Rb4 42. a3 Ra4 43. Rc1 Nxe4 44. Nxe4 Rxe4 45. Rc6 Be7 46. Kf1 h6 47. Rc7 Bf8 48. Rc8 Ra4 49. Rc3 Be7 50. Ke2 Bf6 51. Rb3 Bd4 52. Nxd4 Rxd4 53. Rb5 Re4+ 54. Kf1 Ra4 55. Rb6 Rxa3 56. Rxd6 a4 57. Ra6 Ra2 58. Ke1 a3 59. h4 g5 60. h5 g4 61. Ra4 Kf8 62. Ra7 g3 63. fxg3 fxg3 64. d6 Ke8 65. Kd1 f5 66. Re7+ Kd8 0-1

[Event "OP-2012-0-02030"]
[Site "LSS email"]
[Date "2012.01.28"]
[Round "?"]
[White "Brattin, Bryan"]
[Black "Aquilina, Joe"]
[Result "0-1"]
[WhiteElo "765"]
[BlackElo "1573"]
[PlyCount "66"]
[EventDate "2012.01.25"]
[EventType "tourn (corr)"]
[EventRounds "4"]
[EventCountry "GER"]
[SourceTitle "Telechess CBM 153"]
[Source "ChessBase"]
[SourceDate "2013.03.14"]
[SourceVersion "1"]
[SourceVersionDate "2013.03.14"]
[SourceQuality "1"]

1. e4 c5 2. d4 cxd4 3. Nf3 d6 4. Nxd4 Nf6 5. Nc3 a6 6. h3 e6 7. Bd3 Nc6 8. Nxc6 bxc6 9. 0-0 Be7 10. b3 0-0 11. Ba3 e5 12. b4 d5 13. exd5 cxd5 14. Bb2 Bxb4 15. a3 Bd6 16. Be2 Be6 17. Bf3 Rb8 18. Rb1 d4 19. Ne4 Ba2 20. Nxf6+ Qxf6 21. Ra1 Rxb2 22. a4 Bc4 23. Re1 Bb4 24. Re4 Bd5 25. Rg4 Bxf3 26. gxf3 Rc8 27. Rc1 Qf5 28. a5 Rbxc2 29. Rxc2 Rxc2 30. Kg2 h5 31. Re4 Qg5+ 32. Kh2 Rxf2+ 33. Kh1 Qg2# 0-1

[Event "OP-2011-0-01970"]
[Site "LSS email"]
[Date "2011.12.30"]
[Round "?"]
[White "Vontina, Maria"]
[Black "Aquilina, Joe"]
[Result "0-1"]
[WhiteElo "781"]
[BlackElo "1535"]
[PlyCount "38"]
[EventDate "2011.12.27"]
[EventType "tourn (corr)"]
[EventRounds "4"]
[EventCountry "GER"]
[SourceTitle "Telechess CBM 155"]
[Source "ChessBase"]
[SourceDate "2013.07.16"]
[SourceVersion "1"]
[SourceVersionDate "2013.07.16"]
[SourceQuality "1"]

1. e4 c5 2. Nf3 Nc6 3. d4 cxd4 4. Nxd4 g6 5. Be3 Bg7 6. f3 Nf6 7. Nc3 0-0 8. Qd2 d5 9. exd5 Nxd5 10. Nxc6 bxc6 11. Nxd5 cxd5 12. 0-0-0 Rb8 13. c3 Be6 14. a3 Qa5 15. h4 Rfc8 16. Bd4 Bf5 17. Bxg7 Qxa3 18. Bd3 Qa1+ 19. Kc2 Qxb2# 0-1

[Event "LSS SC-2009-0-00050"]
[Site "LSS email"]
[Date "2010.01.08"]
[Round "?"]
[White "Ottenweller, Wolfgang"]
[Black "Aquilina, Joe"]
[Result "1-0"]
[WhiteElo "1514"]
[BlackElo "1469"]
[PlyCount "43"]
[EventDate "2009.11.21"]
[EventType "tourn (corr)"]
[EventRounds "6"]
[EventCountry "GER"]
[SourceTitle "Corr 2013"]
[Source "ChessBase"]
[SourceDate "2012.11.12"]
[SourceVersion "1"]
[SourceVersionDate "2012.11.12"]
[SourceQuality "1"]
[WhiteTeam "US of America"]
[BlackTeam "US of America"]
[WhiteTeamCountry "USA"]
[BlackTeamCountry "USA"]

1. e4 c5 2. Nf3 Nc6 3. d4 cxd4 4. c3 dxc3 5. Nxc3 Nf6 6. Bc4 e6 7. 0-0 Nxe4 8. Nxe4 d5 9. Qe2 dxc4 10. Rd1 Qc7 11. Qxc4 Be7 12. Be3 0-0 13. Bd4 Rd8 14. Rac1 Qf4 15. Be3 Rxd1+ 16. Rxd1 Qf5 17. Bc5 Bxc5 18. Nxc5 b6 19. Qa4 Bd7 20. Nxd7 b5 21. Qb3 Rd8 22. Nde5 1-0

[Event "LSS SC-2009-0-00050"]
[Site "LSS email"]
[Date "2010.01.07"]
[Round "?"]
[White "Aquilina, Joe"]
[Black "Kis Kos, Laszlo"]
[Result "0-1"]
[WhiteElo "1469"]
[BlackElo "1241"]
[PlyCount "58"]
[EventDate "2009.11.21"]
[EventType "tourn (corr)"]
[EventRounds "6"]
[EventCountry "GER"]
[SourceTitle "Corr 2013"]
[Source "ChessBase"]
[SourceDate "2012.11.12"]
[SourceVersion "1"]
[SourceVersionDate "2012.11.12"]
[SourceQuality "1"]
[WhiteTeam "US of America"]
[BlackTeam "US of America"]
[WhiteTeamCountry "USA"]
[BlackTeamCountry "USA"]

1. e4 e5 2. Nf3 Nc6 3. Bb5 a6 4. Ba4 Nf6 5. 0-0 Nxe4 6. Re1 Nc5 7. Bxc6 dxc6 8. Nxe5 Be7 9. d4 Ne6 10. Be3 0-0 11. Nc3 f6 12. Nf3 b5 13. a3 Bb7 14. Qd2 Qd6 15. Rad1 Rae8 16. Ne4 Qd5 17. Qd3 Bd6 18. Nc5 Bc8 19. b3 Nd8 20. c4 bxc4 21. bxc4 Qh5 22. Ne4 Bf5 23. Bc1 Re6 24. Re2 Bxh2+ 25. Kf1 Rfe8 26. Rde1 Qg4 27. Nxh2 Bxe4 28. Rxe4 Rxe4 29. Rxe4 Qxe4 0-1

[Event "LSS SC-2009-0-00050"]
[Site "LSS email"]
[Date "2010.01.07"]
[Round "?"]
[White "Urban, Milos"]
[Black "Aquilina, Joe"]
[Result "0-1"]
[WhiteElo "533"]
[BlackElo "1469"]
[PlyCount "52"]
[EventDate "2009.11.21"]
[EventType "tourn (corr)"]
[EventRounds "6"]
[EventCountry "GER"]
[SourceTitle "Corr 2013"]
[Source "ChessBase"]
[SourceDate "2012.11.12"]
[SourceVersion "1"]
[SourceVersionDate "2012.11.12"]
[SourceQuality "1"]
[WhiteTeam "US of America"]
[BlackTeam "US of America"]
[WhiteTeamCountry "USA"]
[BlackTeamCountry "USA"]

1. e4 c5 2. Nf3 Nc6 3. d4 cxd4 4. Nxd4 e6 5. Nc3 Nf6 6. Nxc6 bxc6 7. e5 Nd5 8. Ne4 Qc7 9. f4 Qb6 10. Qd3 f5 11. exf6 gxf6 12. c4 f5 13. cxd5 fxe4 14. Qxe4 Bb4+ 15. Kd1 cxd5 16. Qe2 0-0 17. a3 Bd6 18. g3 Rb8 19. b4 Qd4+ 20. Qd3 Qxa1 21. Bg2 Rb6 22. Bxd5 exd5 23. Qxd5+ Kh8 24. Qd2 Bb7 25. Rf1 Be5 26. Re1 Rd6 0-1

[Event "LSS SC-2009-0-00050"]
[Site "LSS email"]
[Date "2010.01.06"]
[Round "?"]
[White "Aquilina, Joe"]
[Black "Edwards, K E D G"]
[Result "0-1"]
[WhiteElo "1469"]
[BlackElo "1799"]
[PlyCount "60"]
[EventDate "2009.11.21"]
[EventType "tourn (corr)"]
[EventRounds "6"]
[EventCountry "GER"]
[SourceTitle "Corr 2024"]
[Source "ChessBase"]
[SourceDate "2023.10.19"]
[SourceVersion "1"]
[SourceVersionDate "2023.10.19"]
[SourceQuality "1"]

1. e4 c5 2. Nf3 Nc6 3. d4 cxd4 4. Nxd4 e5 5. Nb5 d6 6. c4 Be7 7. N1c3 a6 8. Na3 Be6 9. Be2 Nd4 10. Be3 Nxe2 11. Qxe2 Nf6 12. 0-0 Rc8 13. f3 0-0 14. Rad1 Qa5 15. Qd2 Kh8 16. Nd5 Qxd2 17. Rxd2 Nxd5 18. cxd5 Bd7 19. Rc2 Rxc2 20. Nxc2 Rc8 21. Rc1 f5 22. Kf2 Kg8 23. Ke2 Bb5+ 24. Kd2 fxe4 25. fxe4 Rc4 26. Na3 Rxc1 27. Kxc1 Bd3 28. Kd2 Bxe4 29. g3 Bxd5 30. b3 Be6 0-1

[Event "LSS ZI-2009-0-00552"]
[Site "LSS email"]
[Date "2009.11.04"]
[Round "?"]
[White "Aquilina, Joe"]
[Black "Lauer, Fredric"]
[Result "1/2-1/2"]
[WhiteElo "1509"]
[BlackElo "1339"]
[PlyCount "112"]
[EventDate "2009.10.22"]
[EventType "match (corr)"]
[EventRounds "2"]
[EventCountry "GER"]
[SourceTitle "Telechess CBM 137"]
[Source "ChessBase"]
[SourceDate "2010.07.15"]
[SourceVersion "1"]
[SourceVersionDate "2010.07.15"]
[SourceQuality "1"]

1. e4 d5 2. exd5 Nf6 3. c4 c6 4. dxc6 Nxc6 5. Nc3 e5 6. d3 Bf5 7. Be3 Ng4 8. Nf3 Bb4 9. Be2 e4 10. dxe4 Bxc3+ 11. bxc3 Nxe3 12. fxe3 Bxe4 13. 0-0 Qe7 14. Nd4 Qg5 15. Bf3 Qxe3+ 16. Kh1 0-0 17. Bxe4 Qxe4 18. Re1 Qg6 19. Rb1 b6 20. Nxc6 Qxc6 21. Qd5 Rac8 22. Qxc6 Rxc6 23. Re7 a5 24. Rb7 Rxc4 25. R7xb6 Rxc3 26. Ra6 Ra3 27. Rb2 Rc8 28. h3 h6 29. Ra7 Rc1+ 30. Kh2 Rc8 31. Rbb7 Rf8 32. Rb5 Rxa2 33. Rbxa5 Rxa5 34. Rxa5 Rb8 35. Ra7 f6 36. Kg3 Rb4 37. Kf3 Kh7 38. g4 Kg6 39. h4 Rb3+ 40. Kf4 Rb4+ 41. Kf3 Rb1 42. h5+ Kh7 43. Kf4 Rf1+ 44. Kg3 f5 45. gxf5 Rxf5 46. Kg4 Rf1 47. Rd7 Rg1+ 48. Kh4 Rg5 49. Ra7 Rb5 50. Kg4 Rb8 51. Rc7 Kg8 52. Ra7 Rf8 53. Rb7 Rf7 54. Rb8+ Kh7 55. Rb6 Rc7 56. Rb4 Ra7 1/2-1/2

[Event "LSS No Engine Cup Gr09 prel 03 email"]
[Site "LSS email"]
[Date "2009.10.31"]
[Round "?"]
[White "Aquilina, Joe"]
[Black "Boyd, John Michael"]
[Result "1-0"]
[WhiteElo "1750"]
[BlackElo "1911"]
[PlyCount "65"]
[EventDate "2009.11.01"]
[EventType "tourn (corr)"]
[EventRounds "6"]
[EventCountry "GER"]
[SourceTitle "Telechess CBM 137"]
[Source "ChessBase"]
[SourceDate "2010.07.15"]
[SourceVersion "1"]
[SourceVersionDate "2010.07.15"]
[SourceQuality "1"]

1. e4 d6 2. d4 Nf6 3. Nc3 g6 4. Nf3 Bg7 5. Be2 0-0 6. 0-0 Bg4 7. h3 Bxf3 8. Bxf3 e5 9. Bg5 Nc6 10. d5 Ne7 11. Qd2 Nd7 12. Nb5 f5 13. Nxc7 Qxc7 14. Bxe7 Rf7 15. Bg5 fxe4 16. Bxe4 Nc5 17. Rae1 Rc8 18. c3 Nxe4 19. Rxe4 Rf5 20. c4 b6 21. b3 Rcf8 22. Bh6 Bh8 23. Bxf8 Rxf8 24. f4 exf4 25. Rexf4 Rxf4 26. Qxf4 Bg7 27. Qe4 Qc5+ 28. Kh1 Be5 29. Qf3 Qc8 30. Qf7+ Kh8 31. Qe7 Bg7 32. Qxd6 Qe8 33. Qe6 1-0

[Event "LSS No Engine Cup 09 Preliminary 3"]
[Site "LSS email"]
[Date "2009.10.31"]
[Round "?"]
[White "Navajas, Joaquin"]
[Black "Aquilina, Joe"]
[Result "1/2-1/2"]
[WhiteElo "1292"]
[BlackElo "1506"]
[PlyCount "47"]
[EventDate "2009.11.01"]
[EventType "tourn (corr)"]
[EventRounds "6"]
[EventCountry "GER"]
[SourceTitle "Corr 2013"]
[Source "ChessBase"]
[SourceDate "2012.11.12"]
[SourceVersion "1"]
[SourceVersionDate "2012.11.12"]
[SourceQuality "1"]

1. d4 Nf6 2. Nf3 d6 3. g3 g6 4. Bg2 Bg7 5. 0-0 0-0 6. c4 Nbd7 7. Nc3 c5 8. d5 a6 9. a4 Nb6 10. Qd3 e6 11. a5 exd5 12. axb6 dxc4 13. Qxc4 Be6 14. Qd3 Qxb6 15. Ng5 d5 16. Na4 Qc6 17. Be3 Bf5 18. Qa3 h6 19. Nf3 b6 20. Rfc1 Qe6 21. Nh4 Bg4 22. f3 Rae8 23. Nxb6 d4 24. Nc4 1/2-1/2

[Event "LSS ZI-2009-0-00531"]
[Site "LSS email"]
[Date "2009.10.10"]
[Round "?"]
[White "Aquilina, Joe"]
[Black "Windheim, Charles"]
[Result "0-1"]
[WhiteElo "1868"]
[BlackElo "1297"]
[PlyCount "60"]
[EventDate "2009.10.06"]
[EventType "match (corr)"]
[EventRounds "2"]
[EventCountry "GER"]
[SourceTitle "Telechess CBM 137"]
[Source "ChessBase"]
[SourceDate "2010.07.15"]
[SourceVersion "1"]
[SourceVersionDate "2010.07.15"]
[SourceQuality "1"]

1. e4 c5 2. Nf3 g6 3. d4 cxd4 4. Nxd4 Nc6 5. Nc3 Bg7 6. Be3 Nf6 7. Be2 0-0 8. 0-0 d6 9. Qd2 Ng4 10. Bxg4 Bxg4 11. f3 Bd7 12. Rad1 Re8 13. a3 Qa5 14. Nd5 Qxd2 15. Rxd2 Rac8 16. c3 Na5 17. Rfd1 Ba4 18. Re1 e6 19. Nb4 Nc4 20. Rf2 e5 21. Ndc2 Nxb2 22. Bxa7 Rxc3 23. Nd5 Rxc2 24. Rxc2 Bxc2 25. Re2 Bxe4 26. fxe4 Nc4 27. Rc2 Nxa3 28. Rb2 b5 29. Rb3 Nc4 30. Rxb5 Ra8 0-1